Call of Duty Black Ops 2 - Statistics

General Stats
  • This quiz has been taken 4,577 times
  • The average score is 14 of 22
Answer Stats
Hint Answer % Correct
U UAV
94%
K K9 Unit
86%
C CounterUAV
80%
R RCXD
74%
S Swarm
74%
C CarePackage
72%
W WarMachine
72%
S SentryTurret
66%
H HunterKiller
65%
O OrbitalVSAT
64%
S StealthChopper
63%
D DeathMachine
60%
H HellstormMissle
58%
E EMP Systems
55%
L LightningStrike
55%
G Guardian
53%
E EscortDrone
50%
V VTOLWarship
47%
A AGR
45%
W Warthog
45%
D DragonFire
40%
L Lodestar
40%
No matching quizzes found
Score Distribution
Percent of People with Each Score
Percentile by Number Answered
Your Score History
You have not taken this quiz